000
00349 a2200169 4500
001
47143
020
_a
8526217224
040
_c
Anchieta - Aquarius
100
_a
Leite, Marcia
240
1
0
_a
=Enfim sós
_l
por
245
1
0
_a
=Enfim sós
300
_a
88
362
0
_a
2002
440
1
_a
Scipione
650
4
_a
Literatura brasileira
942
_c
BK
999
_c
47143
_d
47143